Statistics for British General Knowledge Quiz

Click here to take the quiz!

General Stats

  • This quiz has been taken 176 times
  • The average score is 11 of 17

Answer Stats

HintAnswer% Correct
What is Britain's tallest mountain?Ben Nevis
88%
Which historical wall divides Northern England and Scotland?Hadrians
86%
Britains tallest building?Shard
86%
Which royal famously dressed up as a nazi?Prince Harry
83%
What was the name of Shakespeare's hometown?Stratford upon Avon
81%
Which ex British Prime minister founded 'New Labour'?Tony Blair
72%
What is Britain's most southern point?Lands end
67%
Lea & Perrins produce a famous condiment named after which British City?Worcester Sauce
67%
Which British city hosted the Commonwealth games in 2014?Glasgow
65%
Which city is home to the Stone Roses?Manchester
64%
The lake district lies in which English county?Cumbria
58%
Wales' tallest mountain lies in which National Park?Snowdonia
58%
What name is given to the isles that include Alderney and Sark?Channel Islands
55%
Which British actor voiced the dragon 'Smaug' in the Hobbit?Benedict Cumberbatch
32%
Name the lead singer from British 80's band, The JamPaul Weller
32%
In which area of Birmingham would you find Cadbury World?Bournville
31%
In which town do Somerset play their home cricket?Taunton
24%

Score Distribution

Percentile by Number Answered

Percent of People with Each Score

Your Score History

You have not taken this quiz